<?xml version="1.0" encoding="UTF-8"?><?xml-stylesheet type="text/xsl" href="static/style.xsl"?><OAI-PMH xmlns="http://www.openarchives.org/OAI/2.0/" xmlns:xsi="http://www.w3.org/2001/XMLSchema-instance" xsi:schemaLocation="http://www.openarchives.org/OAI/2.0/ http://www.openarchives.org/OAI/2.0/OAI-PMH.xsd"><responseDate>2026-06-06T18:47:33Z</responseDate><request verb="GetRecord" identifier="oai:riuma.uma.es:10630/19181" metadataPrefix="marc">https://riuma.uma.es/rest/oai/request</request><GetRecord><record><header><identifier>oai:riuma.uma.es:10630/19181</identifier><datestamp>2026-02-03T10:21:56Z</datestamp><setSpec>com_10630_1685</setSpec><setSpec>col_10630_38055</setSpec></header><metadata><record xmlns="http://www.loc.gov/MARC21/slim" xmlns:dcterms="http://purl.org/dc/terms/" xmlns:doc="http://www.lyncode.com/xoai" xmlns:xsi="http://www.w3.org/2001/XMLSchema-instance" xsi:schemaLocation="http://www.loc.gov/MARC21/slim http://www.loc.gov/standards/marcxml/schema/MARC21slim.xsd">
   <leader>00925njm 22002777a 4500</leader>
   <datafield ind2=" " ind1=" " tag="042">
      <subfield code="a">dc</subfield>
   </datafield>
   <datafield ind2=" " ind1=" " tag="720">
      <subfield code="a">Santos Garrido, José</subfield>
      <subfield code="e">author</subfield>
   </datafield>
   <datafield ind2=" " ind1=" " tag="260">
      <subfield code="c">2020-01-17</subfield>
   </datafield>
   <datafield ind2=" " ind1=" " tag="520">
      <subfield code="a">Este TFG pretende diseñar e implementar una aplicación software capaz de organizar el sonido ambiente captado por el micrófono del dispositivo. Para ello el sistema tendrá que analizar y caracterizar el sonido mediante el uso de técnicas procedentes del análisis de señal complementado con inteligencia artificial. Ya analizado y caracterizado, el sistema, basándose en conocimientos sobre el análisis musical y los principios fundamentales de la melodía, la armonía y el ritmo, el sistema aplicará una serie de reglas musicales y cambios de timbres con el fin de obtener y reproducir un sonido más estructurado y melodioso. Este sonido resultante tendrá, por lo tanto, una fuerte relación con el audio anteriormente adquirido por el dispositivo. Además, dicho sistema contará con la implementación de un reproductor MIDI y WAV, ya que no todos los sistemas operativos ofrecen uno por defecto que pueda reproducir los dos formatos y la aplicación trabaja con ambos. En adición, ofrece cierta personalización para que el sonido resultante intente ser acorde a los gustos del usuario.</subfield>
   </datafield>
   <datafield ind1="8" ind2=" " tag="024">
      <subfield code="a">https://hdl.handle.net/10630/19181</subfield>
   </datafield>
   <datafield tag="653" ind2=" " ind1=" ">
      <subfield code="a">Música - Análisis y apreciación</subfield>
   </datafield>
   <datafield tag="653" ind2=" " ind1=" ">
      <subfield code="a">Sonido - Medición</subfield>
   </datafield>
   <datafield tag="653" ind2=" " ind1=" ">
      <subfield code="a">Informática - Trabajos Fin de Grado</subfield>
   </datafield>
   <datafield tag="653" ind2=" " ind1=" ">
      <subfield code="a">Grado en Ingeniería del Software - Trabajos Fin de Grado</subfield>
   </datafield>
   <datafield ind2="0" ind1="0" tag="245">
      <subfield code="a">Desarrollo de sistema para caracterizar ruidos urbanos y transformarlos a otro tipo de sonidos agradables al oído humano</subfield>
   </datafield>
</record>
</metadata></record></GetRecord></OAI-PMH>